Statistics for French Philosophers

Click here to take the quiz!

General Stats

  • This quiz has been taken 152 times
    (145 since last reset)
  • The average score is 15 of 35

Answer Stats

LifeSchoolHintAnswer% Correct
1596-1650RationalismI think, therefore I amRené Descartes
95%
1694-1778EnlightenmentCandideVoltaire
85%
1905-1980ExistentialismNauseaJean-Paul Sartre
84%
1913-1960ExistentialismThe StrangerAlbert Camus
81%
1712-1778EnlightenmentThe Social ContractJean-Jacques Rousseau
80%
1908-1986FeminismThe Second SexSimone de Beauvoir
77%
1930-2004(Post-)StructuralismDeconstructionJacques Derrida
72%
1926-1984(Post-)StructuralismMadness and CivilizationMichel Foucault
65%
1713-1784EnlightenmentEncyclopediaDenis Diderot
58%
1689-1755Political PhilosophySeparation of powersMontesquieu
57%
1623-1662Religious PhilosophyThe wagerBlaise Pascal
52%
1533-1592HumanismThe EssaysMichel de Montaigne
52%
1952-MaterialismA Short Treatise on the Great VirtuesAndré Comte-Sponville
46%
1798-1857PositivismProgress as religionAuguste Comte
46%
1901-1981PsychoanalysisReturn to FreudJacques Lacan
44%
1908-2009StructuralismTristes TropiquesClaude Lévi-Strauss
41%
1929-2007(Post-)StructuralismSimulacraJean Baudrillard
41%
1805-1859Political philosophyDemocracy in AmericaAlexis de Tocqueville
40%
1859-1941SpiritualismLaughterHenri Bergson
36%
1906-1995Phenomenology and Existentialismthe OtherEmmanuel Levinas
32%
1915-1980Semiotics and StructuralismMythologiesRoland Barthes
32%
1925-1995(Post-)StructuralismDifference and RepetitionGilles Deleuze
28%
1918-1990(Post-)Structuralism, MarxismThe New MarxLouis Althusser
28%
1909-1943Modern PlatonismWaiting for GodSimone Weil
26%
1931-1994Political PhilosophyThe Society of the SpectacleGuy Debord
22%
1858-1917Social philosophySocial cohesionEmile Durkheim
21%
1924-1998PoststructuralismPostmodernismJean-François Lyotard
20%
1930-2002Social PhilosophyDistinctionPierre Bourdieu
16%
1951-HumanismBriefly minister of educationLuc Ferry
15%
1949-Cultural philosophycritic of muliticulturalismAlain Finkielkraut
14%
1937-PostmarxismTruth proceduresAlain Badiou
12%
1941-Linguistic philosophythe semioticJulia Kristeva
11%
1897-1962SurrealismThe Accursed ShareGeorges Bataille
9%
1847-1922Marxismdefender of violenceGeorges Sorel
7%
1881-1955Speculative philosophyThe Phenomenon of ManPierre Teilhard de Chardin
7%

Score Distribution

Percentile by Number Answered

Percent of People with Each Score

Your Score History

You have not taken this quiz since the last reset